| 000 | 00617nam a2200205 u 4500 | ||
|---|---|---|---|
| 005 | 20240831063727.0 | ||
| 008 | 090608s2001 r 000 0 eng d | ||
| 020 | _a8484330672 | ||
| 035 | _aUPN01000171060 | ||
| 049 | _aI | ||
| 050 | 4 |
_aPZ74.9 _bG6.6 |
|
| 100 | 1 |
_aGómez Yebra, Antonio A., _d1950- _931108 |
|
| 245 | 1 | 1 |
_a¡Música maestra! / _cAntonio A. Gómez Yebra ; il. Estrella Fàges. |
| 260 |
_aMadrid : _bAlgaida, _c2001. |
||
| 300 |
_a54 p. : _bil. col. |
||
| 440 | 3 |
_aEL grillo amarillo. _p7-8 años ; _v13 |
|
| 650 | 4 |
_aCuentos infantiles españoles _97725 |
|
| 905 | _aInfantil | ||
| 999 |
_c143165 _d143165 |
||